书目信息 |
| 题名: |
考研专业院校选择
|
|
| 作者: | 吕忠泽 主编 | |
| 分册: | ||
| 出版信息: | 北京 中国政法大学出版社 2018 |
|
| 页数: | 157页 | |
| 开本: | 26cm | |
| 丛书名: | 吕忠泽考研规划系列图书 | |
| 单 册: | ||
| 中图分类: | G643.6 | |
| 科图分类: | ||
| 主题词: | 研究生院--yan jiu sheng yuan--介绍--中国 | |
| 电子资源: | ||
| ISBN: | 978-7-5620-7255-3 | |
| 000 | 01193nam 2200277 450 | |
| 001 | 012001002867 | |
| 005 | 20131031130145.0 | |
| 010 | @a978-7-5620-7255-3@dCNY29.80 | |
| 099 | @aCAL 012018079319 | |
| 100 | @a20180626d2018 em y0chiy50 ea | |
| 101 | 0 | @achi |
| 102 | @aCN@b110000 | |
| 105 | @ak z 000yy | |
| 106 | @ar | |
| 200 | 1 | @a考研专业院校选择@Akao yan zhuan ye yuan xiao xuan ze@f主编吕忠泽 |
| 210 | @a北京@c中国政法大学出版社@d2018 | |
| 215 | @a157页@d26cm | |
| 225 | 2 | @a吕忠泽考研规划系列图书@Alv zhong ze kao yan gui hua xi lie tu shu |
| 314 | @a吕忠泽, 考研全程策划专家, 各大辅导机构特聘资深讲师。 | |
| 330 | @a本书一共由专业选择、院校选择、附录三个部分组成, 在专业选择里面详细见到了专业的分类、学术型硕士13大学科门类所有专业的详细分析等, 在院校选择里面详细介绍了我国研招单位的分类、高校和科研院所的不同之处等, 在附录中为大家展示了研招单位的分类。本书涵盖了考生在选择专业和院校中面对的问题, 相信一定可以帮助考生做好准备。 | |
| 410 | 0 | @12001 @a吕忠泽考研规划系列图书 |
| 606 | 0 | @a研究生院@Ayan jiu sheng yuan@x介绍@y中国 |
| 690 | @aG643.6@v5 | |
| 701 | 0 | @a吕忠泽@Alv zhong ze@4主编 |
| 801 | 2 | @aCN@b江苏凤凰@c20191020 |
| 905 | @b1230987-90@dG643.6@e1436@f4 | |
| 考研专业院校选择/主编吕忠泽.-北京:中国政法大学出版社,2018 |
| 157页;26cm.-(吕忠泽考研规划系列图书) |
| ISBN 978-7-5620-7255-3:CNY29.80 |
| 本书一共由专业选择、院校选择、附录三个部分组成, 在专业选择里面详细见到了专业的分类、学术型硕士13大学科门类所有专业的详细分析等, 在院校选择里面详细介绍了我国研招单位的分类、高校和科研院所的不同之处等, 在附录中为大家展示了研招单位的分类。本书涵盖了考生在选择专业和院校中面对的问题, 相信一定可以帮助考生做好准备。 |
| ● |
| 相关链接 |
|
|
|
|
正题名:考研专业院校选择
索取号:G643.6/1436
 
预约/预借
| 序号 | 登录号 | 条形码 | 馆藏地/架位号 | 状态 | 备注 |
| 1 | 1230987 | 212309875 | 第一样本阅览室/ [索取号:G643.6/1436] | 在馆 | |
| 2 | 1230988 | 212309884 | 教育系资料室/ [索取号:G643.6/1436] | 在馆 | |
| 3 | 1230989 | 212309893 | 教育系资料室/ [索取号:G643.6/1436] | 在馆 | |
| 4 | 1230990 | 212309900 | 第四借阅区/ [索取号:G643.6/1436] | 在馆 |